000 00847nam a2200229 i 4500
001 bg
100 1 _aERECIŃSKI, Tadeusz
_d(1946- ).
245 1 0 _aKomentarz do kodeksu postępowania cywilnego.
_nCz. 1,
_pPostępowanie rozpoznawcze /
_cTadeusz Ereciński, Jacek Gudowski, Maria Jędrzejewska ; pod red. Tadeusza Erecińskiego.
250 _aWyd. 3 zm., rozsz. i uaktual., wg stanu prawnego na dzień 31 października 2000 r.
260 _aWarszawa :
_bWydaw. Prawnicze,
_c2001.
300 _a1020, [4] s. ;
_c25 cm.
650 9 _aPostępowanie cywilne
_zPolska
_ystan na 2000 r.
700 1 _aGUDOWSKI, Jacek
700 1 _aJĘDRZEJEWSKA, Maria
020 _a832191070X (t. 1)
040 _cBPK
041 0 _apl
080 _a347.91/.95(438)
920 _a83-219-1070-X (t. 1)
942 _cKS
008 s pl f |000 0 pol
999 _c39761
_d39761
856 _uhttp://koha.tu.koszalin.pl/cgi-bin/koha/opac-detail.pl?biblionumber=39761
_yKatalog online BPK